000 004330000a22001810004500
003 MACL
005 20151018132427.0
008 151018b xxu||||| |||| 00| 0 eng d
040 _aMACL
_cMACL
041 _aEnglish
082 _a920/NAG
100 _aNag, Dipali
_915828
245 _aUstad Faiyaaz Khan
260 _bSangeet Natak Akademi
_c1985
_aNew Delhi
350 _a90
650 _aBiography
_915829
942 _cBK
_k920
_2ddc
999 _c6308
_d6308